| 000 | 01868nam0a2200385 4500 | ||
|---|---|---|---|
| 001 | RU\NLR\bibl\178183 | ||
| 005 | 20260408215230.0 | ||
| 021 |
_aRU _b2001-24332 _91154 |
||
| 035 | _a(NLR Aleph) 000174871 | ||
| 090 |
_a1008528 _c1008528 |
||
| 100 | _a20010803d2001 |||y0rusy50 ca | ||
| 101 | 0 | _arus | |
| 102 | _aRU | ||
| 105 | _ay ac||||||b | ||
| 200 | 1 |
_aЖизнь и подвиг Елены Келлер _eбиобиблиографический указатель _fРоссийская государственная библиотека для слепых, Отдел тифлобиблиографии _g[составитель Н. Д. Шапошникова] |
|
| 210 |
_aМосква _c[б.и.] _d2001 |
||
| 215 |
_a31,[1] с. _d20 |
||
| 600 | 1 |
_aКеллер _gЕлена _bЕ. _f1880 - 1968 _jБиобиблиография _3RU\NLR\AUTH\6695502 _91065101 |
|
| 600 | 1 |
_aКеллер _bХ. А. _gХелен Адамс _f1880 - 1968 _jБиобиблиография _3RU\NLR\AUTH\6601751211 _92663184 |
|
| 606 | 0 |
_aСлепоглухонемые _jБиблиография _xВоспитание и обучение _9987555 _3RU\NLR\auth\66372581 |
|
| 610 | 0 | _aСлепые - Биобиблиографические пособия | |
| 610 | 0 | _aГлухие - Биобиблиографические пособия | |
| 675 |
_a016:027.6:364.65-056.262 _v3 _zrus |
||
| 686 | _aШ5(7США)6-4Келлер | ||
| 686 | _aЧ434 | ||
| 686 | _aЧ491.08 | ||
| 701 | 1 |
_aШапошникова _bН. Д. _4070 |
|
| 711 | 0 | 2 |
_aРоссийская государственная библиотека для слепых _3RU\NLR\AUTH\889940066 _9374967 |
| 801 | 0 |
_aRU _bRKP _c20010803 _gPSBO |
|
| 801 | 1 |
_aRU _bRKP _c20010803 |
|
| 801 | 2 |
_aRU _bNLR _c20030129 _grcr |
|
| 942 | _cBOOK | ||
| 980 | _aNB | ||